00940nam a22002297a 4500003000900000008004100009020001500050040007100065082001800136100001800154245002700172260006300199300003000262440004300292440005000335505019600385650002400581650001600605650002700621650002200648700004000670AR-CdUCM190225b ||||| |||| 00| 0 spa d a9972691799 aMUNICIPALIDAD PROVINCIAL DEL CUSCOcBIBLIOTECA MUNICIPAL DEL CUSCO a985.05 /bT49 aThurner, Mark aRepublicanos andinos / aCusco : bCentro Bartolomé de las Casas; bIEP, c2006. a284 páginas ;c20.5 cm. aEstudios Históricos n, 43 del IEP. aArchivos de Historia Andinan N° 40 del CBC. aContenido: Historizando en predicamento postcolonial andino -- Comunidades imaginadas -- Republicanos en guerra -- El fantasma de Atusparia -- Historias republicanas, legados postcoloniales. aHistoria del Perú aRepública aPoblación indígena a Postcolonialismo aFlores Espinoza, Javier (Traductor)